00297cam a22000977a 4500008003600000082001100036245008800047260002900135300001000164700002500174180718b xxu||||| |||| 00| 0 eng d aW17x54 aFactual review of accidents on Indian goveronment railwayscby Ministry of Railways abMinistry of Railwaysc a31+p. aMinistry of Railways